|
|
|
|
| LEADER |
01627nam a2200421Ia 4500 |
| 001 |
EBC660563 |
| 003 |
MiAaPQ |
| 005 |
20200520144314.0 |
| 006 |
m o d | |
| 007 |
cr cn||||||||| |
| 008 |
101021s2011 dcu sb 001 0 eng d |
| 010 |
|
|
|z 2010044905
|
| 020 |
|
|
|z 0821378635
|
| 020 |
|
|
|z 9780821378632
|
| 020 |
|
|
|a 0821385526 (electronic bk.)
|
| 020 |
|
|
|a 9780821385524 (electronic bk.)
|
| 035 |
|
|
|a (MiAaPQ)EBC660563
|
| 035 |
|
|
|a (Au-PeEL)EBL660563
|
| 035 |
|
|
|a (CaPaEBR)ebr10448634
|
| 035 |
|
|
|a (CaONFJC)MIL327885
|
| 035 |
|
|
|a (OCoLC)811493325
|
| 040 |
|
|
|a MiAaPQ
|c MiAaPQ
|d MiAaPQ
|
| 050 |
|
4 |
|a HD3871
|b .F37 2011
|
| 082 |
0 |
4 |
|a 352.2/9
|2 22
|
| 100 |
1 |
|
|a Farquharson, Edward,
|d 1962-
|
| 245 |
1 |
0 |
|a How to engage with the private sector in public-private partnerships in emerging markets
|h [electronic resource] /
|c Edward Farquharson, Clemencia Torres de Mastle, and E.R. Yescombe ; with Javier Encinas.
|
| 260 |
|
|
|a Washington, DC :
|b World Bank,
|c c2011.
|
| 300 |
|
|
|a xvi, 178 p.
|
| 504 |
|
|
|a Includes bibliographical references and index.
|
| 533 |
|
|
|a Electronic reproduction. Ann Arbor, MI : ProQuest, 2015. Available via World Wide Web. Access may be limited to ProQuest affiliated libraries.
|
| 650 |
|
0 |
|a Public-private sector cooperation.
|
| 650 |
|
0 |
|a Infrastructure (Economics)
|x Finance.
|
| 650 |
|
0 |
|a Public works
|x Finance.
|
| 655 |
|
4 |
|a Electronic books.
|
| 700 |
1 |
|
|a Torres de Mastle, Clemencia,
|d 1962-
|
| 700 |
1 |
|
|a Yescombe, E. R.
|
| 710 |
2 |
|
|a ProQuest (Firm)
|
| 856 |
4 |
0 |
|u https://ebookcentral.proquest.com/lib/matrademy/detail.action?docID=660563
|z Click to View
|